| 000 | 00899nam a22002657a 4500 | ||
|---|---|---|---|
| 005 | 20140708125456.0 | ||
| 010 | _aENG-109635 | ||
| 020 |
_c240.00 _a9781259098529 |
||
| 020 |
_c240.00 _a1259098524 |
||
| 035 | _aEN-93168 | ||
| 037 | _bDBAD/PUB | ||
| 082 | _a658.4092 | ||
| 100 | _aCottrell, David | ||
| 245 | 0 | 0 |
_aThe magic question : _cby David Cottrell _ba simple question every leader dreams of answering / |
| 260 |
_aNew Delhi _bMcGraw Hill Education _c2013 |
||
| 270 |
_aP-24, Green Park Extn. _bNew Delhi _e110016 |
||
| 300 |
_av,97p. _c23cm(pbk) |
||
| 500 | _a "What if every person in you rorganization asked..."--T.p. | ||
| 500 | _a Includes bibliographical references (p. 95). | ||
| 650 | _a Leadership. | ||
| 650 | _aTeams in the workplace. | ||
| 650 | _a Communication in management. | ||
| 650 | _a Employee motivation | ||
| 942 |
_2ddc _cEN _mCOT _h658.4092 |
||
| 999 |
_c83220 _d83220 |
||